=LDR 00000nam 2200000 4500 =001 INLIS000000000031350 =005 20130612133429 =008 ***********************************ind** =035 ##$$0010-061300000031350 =041 ##$$a ind =082 ##$$a 650. 14 =090 ##$$a 650. 14 , Har c =100 ##$$a Hariwijaya,M =245 ##$$a Cara pintar mendapat pekerjaan =260 ##$$a 2009 $b Yogyakarta =300 ##$$a 168 hlm. , 20 cm =650 ##$$a Sukses Karir =700 ##$$a Djaelani,Bisri M =850 ##$$a NBPNMAT =990 ##$$a 0001/BPAP-NTB/20142015 =990 ##$$a 0001/BPAP-NTB/2015